000 00287nam a22001337a 4500
008 181017b xxu||||| |||| 00| 0 eng d
020 _a9780153397400
041 _aeng
080 _a370
100 _a47
101 _aEDU
245 _aTrophies Harcourt
_cGather.A
942 _2udc
_cBK
999 _c49992
_d49992